000 00496nam a22001577a 4500
005 20251108175755.0
008 250721s1996 xx 000 0 ara d
082 1 4 _a216.92/شاب
100 1 _aشابرا، محمد عمر
245 1 0 _aالاسلام و التحدي الاقتصادي /
264 1 _aعمان :
_bالمعهد العالمي للفكر الاسلامي،
_c1996.
300 _a490ص.
650 1 7 _aالاقتصاد الاسلامي
942 _2ddc
_cBK
999 _c142075
_d142075